Liczenie po Angielsku do 10 - Statystyki

Ogólne statystyki
  • Ten quiz został rozwiązany 527 razy
  • Średni wynik to 10 z 10
Statystyki odpowiedzi
Liczby % Poprawnych
One
100%
Two
99%
Six
98%
Four
97%
Seven
97%
Five
96%
Ten
96%
Three
96%
Eight
95%
Nine
93%
Nie znaleziono quizów pasujących do podanych kryteriów
Rozkład punktacji
Procent ludzi z każdym wynikiem
Percentyl według liczby udzielonych odpowiedzi
Twoja historia wyników
Nie rozwiązałeś tego quizu